Numerical Methods in Engineering with Python (Record no. 7791)

MARC details
000 -LEADER
fixed length control field 01145cam a2200337 a 4500
001 - CONTROL NUMBER
control field 15880509
003 - CONTROL NUMBER IDENTIFIER
control field OSt
005 - DATE AND TIME OF LATEST TRANSACTION
control field 20231209093445.0
008 - FIXED-LENGTH DATA ELEMENTS--GENERAL INFORMATION
fixed length control field 090825s2010 nyua b 001 0 eng
010 ## - LIBRARY OF CONGRESS CONTROL NUMBER
LC control number 2009032806
015 ## - NATIONAL BIBLIOGRAPHY NUMBER
National bibliography number GBA9B0988
Source bnb
016 7# - NATIONAL BIBLIOGRAPHIC AGENCY CONTROL NUMBER
Record control number 015421305
Source Uk
020 ## - INTERNATIONAL STANDARD BOOK NUMBER
International Standard Book Number 9780521191326 (hardback : alk. paper)
020 ## - INTERNATIONAL STANDARD BOOK NUMBER
International Standard Book Number 0521191327 (hardback : alk. paper)
035 ## - SYSTEM CONTROL NUMBER
System control number (OCoLC)ocn434124267
040 ## - CATALOGING SOURCE
Original cataloging agency DLC
Transcribing agency DDC
Modifying agency YDX
-- UKM
-- YDXCP
-- CDX
-- BWX
-- DLC
050 00 - LIBRARY OF CONGRESS CALL NUMBER
Classification number TA345
Item number .K58 2010
082 00 - DEWEY DECIMAL CLASSIFICATION NUMBER
Classification number 518 KIU 2010
100 1# - MAIN ENTRY--PERSONAL NAME
Personal name Kiusalaas, Jaan.
9 (RLIN) 13831
245 10 - TITLE STATEMENT
Title Numerical Methods in Engineering with Python
250 ## - EDITION STATEMENT
Edition statement 2nd ed.
260 ## - PUBLICATION, DISTRIBUTION, ETC. (IMPRINT)
Place of publication, distribution, etc. New York :
Name of publisher, distributor, etc. Cambridge University Press,
Date of publication, distribution, etc. 2010.
300 ## - PHYSICAL DESCRIPTION
Extent x, 422 p. :
Other physical details ill. ;
Dimensions 26 cm.
504 ## - BIBLIOGRAPHY, ETC. NOTE
Bibliography, etc Includes bibliographical references and index.
650 #0 - SUBJECT ADDED ENTRY--TOPICAL TERM
Topical term or geographic name as entry element Engineering mathematics
9 (RLIN) 13833
650 #0 - SUBJECT ADDED ENTRY--TOPICAL TERM
Topical term or geographic name as entry element Numerical analysis
9 (RLIN) 5194
650 #0 - SUBJECT ADDED ENTRY--TOPICAL TERM
Topical term or geographic name as entry element Python
9 (RLIN) 14043
906 ## - LOCAL DATA ELEMENT F, LDF (RLIN)
a 7
b cbc
c orignew
d 1
e ecip
f 20
g y-gencatlg
942 ## - ADDED ENTRY ELEMENTS (KOHA)
Source of classification or shelving scheme Dewey Decimal Classification
Koha item type Open Shelf
Holdings
Withdrawn status Lost status Source of classification or shelving scheme Damaged status Not for loan Home library Current library Date acquired Source of acquisition Inventory number Total Checkouts Full call number Barcode Date last seen Koha item type
    Dewey Decimal Classification     MUST Main Library MUST Main Library 03/03/2022 Purchase 11/33754   518 KIU 2010 2022-0401 03/03/2022 Open Shelf